Poesía completa / (Record no. 8205)

MARC details
000 -LEADER
campo de control de longitud fija 00886nam a2200265 i 4500
001 - NÚMERO DE CONTROL
campo de control 8205
003 - IDENTIFICADOR DE NÚMERO DE CONTROL
campo de control ES-MaACL
005 - FECHA Y HORA DE LA ÚLTIMA TRANSACCIÓN
campo de control 20250624194250.0
007 - CAMPO FIJO DE DESCRIPCIÓN FÍSICA--INFORMACIÓN GENERAL
campo de control de longitud fija t|
008 - DATOS DE LONGITUD FIJA--INFORMACIÓN GENERAL
campo de control de longitud fija 920306s1990 sp ||||1| spa d
020 ## - NÚMERO INTERNACIONAL ESTÁNDAR DEL LIBRO
Número Internacional Estándar del Libro 84-249-1436-8
080 ## - NÚMERO DE LA CLASIFICACIÓN DECIMAL UNIVERSAL
Número de la Clasificación Decimal Universal 86-14.1"15"
080 ## - NÚMERO DE LA CLASIFICACIÓN DECIMAL UNIVERSAL
Número de la Clasificación Decimal Universal 86(León,L.de 1.07)
100 1# - ENTRADA PRINCIPAL--NOMBRE DE PERSONA
Nombre de persona León, Luis de,
Fechas asociadas al nombre 1527-1591
9 (RLIN) 71583
245 10 - MENCIÓN DEL TÍTULO
Título Poesía completa /
Mención de responsabilidad, etc. Fray Luis de León ; edición de José Manuel Blecua.
260 ## - PUBLICACIÓN, DISTRIBUCIÓN, ETC.
Lugar de publicación, distribución, etc. Madrid :
Nombre del editor, distribuidor, etc. Gredos,
Fecha de publicación, distribución, etc. D.L. 1990.
300 ## - DESCRIPCIÓN FÍSICA
Extensión 797 p. ;
Dimensiones 24 cm.
490 1# - MENCIÓN DE SERIE
Mención de serie Biblioteca románica hispánica. IV. Textos ;
Designación de volumen o secuencia 19
500 ## - NOTA GENERAL
Nota general Indices.
600 14 - PUNTO DE ACCESO ADICIONAL DE MATERIA--NOMBRE DE PERSONA
Nombre de persona León, Luis de,
Fechas asociadas al nombre 1527-1591-
Subdivisión general Crítica e interpretación
9 (RLIN) 71582
700 0# - ENTRADA AGREGADA--NOMBRE PERSONAL
Nombre de persona Blecua, José Manuel.
9 (RLIN) 29459
830 0# - PUNTO DE ACCESO ADICIONAL DE SERIE-TÍTULO UNIFORME
Título uniforme Biblioteca románica hispánica. IV. Textos ;
Designación de volumen o secuencia 19
9 (RLIN) 178362
852 ## - LOCALIZACIÓN
Ubicación ES-MaACL
Número de control de estantería L-15438
Sublocalización o colección R.119880
Holdings
Estatus retirado Estado de pérdida Estado de daño No para préstamo Biblioteca de origen Biblioteca actual Ubicación en estantería Fecha de adquisición Fuente de adquisición Total de préstamos Signatura topográfica completa Código de barras Visto por última vez Precio de reemplazo Tipo de ítem Koha
        Biblioteca del Ateneo de Madrid Biblioteca del Ateneo de Madrid Depósito 2 17/01/2008     L-15438 1008370 23/02/2023 23/02/2023 Libro impreso